बैकिंग के सिद्धान्त और उनका प्रयोग / (Record no. 1069468)
[ view plain ]
| 000 -LEADER | |
|---|---|
| fixed length control field | 01342nam a2200373 a 4500 |
| 001 - CONTROL NUMBER | |
| control field | vtls001618471 |
| 003 - CONTROL NUMBER IDENTIFIER | |
| control field | NLI |
| 005 - DATE AND TIME OF LATEST TRANSACTION | |
| control field | 20210628133946.0 |
| 008 - FIXED-LENGTH DATA ELEMENTS--GENERAL INFORMATION | |
| fixed length control field | 121214s1949 ii 000 0 hin |
| 020 ## - INTERNATIONAL STANDARD BOOK NUMBER | |
| Terms of availability | Rs. 4.80 |
| 039 #9 - LEVEL OF BIBLIOGRAPHIC CONTROL AND CODING DETAIL [OBSOLETE] | |
| -- | 201212141929 |
| -- | VLOAD |
| 040 ## - CATALOGING SOURCE | |
| Original cataloging agency | NLI |
| Language of cataloging | hineng |
| Transcribing agency | Datasoft_Hindi |
| Description conventions | AACR2 |
| 041 0# - LANGUAGE CODE | |
| Language code of text/sound track or separate title | hin |
| 044 ## - COUNTRY OF PUBLISHING/PRODUCING ENTITY CODE | |
| MARC country code | ii |
| 084 04 - OTHER CLASSIFICATION NUMBER | |
| Classification number | 181 |
| 100 1# - MAIN ENTRY--PERSONAL NAME | |
| Linkage | 880-01 |
| Personal name | गर्ग, कान्तानाथ |
| 245 10 - TITLE STATEMENT | |
| Linkage | 880-02 |
| Title | बैकिंग के सिद्धान्त और उनका प्रयोग / |
| Statement of responsibility, etc. | कान्तानाथ गर्ग |
| 250 ## - EDITION STATEMENT | |
| Edition statement | 2nd ed. |
| 260 ## - PUBLICATION, DISTRIBUTION, ETC. | |
| Place of publication, distribution, etc. | इलाहाबाद : |
| Name of publisher, distributor, etc. | किताब महल, |
| Date of publication, distribution, etc. | 1949 |
| 300 ## - PHYSICAL DESCRIPTION | |
| Extent | 387 p. ; |
| Dimensions | 22 cm. |
| 650 #0 - SUBJECT ADDED ENTRY--TOPICAL TERM | |
| Topical term or geographic name entry element | Economics |
| Geographic subdivision | India |
| 9 (RLIN) | 690562 |
| 650 #0 - SUBJECT ADDED ENTRY--TOPICAL TERM | |
| Topical term or geographic name entry element | Taxation |
| Geographic subdivision | India |
| 9 (RLIN) | 742802 |
| 650 #0 - SUBJECT ADDED ENTRY--TOPICAL TERM | |
| Topical term or geographic name entry element | Trade |
| 9 (RLIN) | 677766 |
| 650 #0 - SUBJECT ADDED ENTRY--TOPICAL TERM | |
| Topical term or geographic name entry element | Commerce |
| Geographic subdivision | India |
| 9 (RLIN) | 706906 |
| 651 #0 - SUBJECT ADDED ENTRY--GEOGRAPHIC NAME | |
| Geographic name | India |
| General subdivision | Economic conditions |
| 9 (RLIN) | 676649 |
| 880 1# - ALTERNATE GRAPHIC REPRESENTATION | |
| Linkage | 100-01(B |
| a | Garga, Kāntānātha |
| 880 10 - ALTERNATE GRAPHIC REPRESENTATION | |
| Linkage | 245-02(B |
| a | Banking ke siddhānta aura unakā prayoga / |
| c | Kāntānātha Garga |
| 887 ## - NON-MARC INFORMATION FIELD | |
| Content of non-MARC field | Rajani 16.03.2012 (Sandeep Singh 21.03.2012) |
| 901 ## - LOCAL DATA ELEMENT A, LDA (RLIN) | |
| a | OHI289543 |
| b | 29.12.1956 |
| 902 ## - LOCAL DATA ELEMENT B, LDB (RLIN) | |
| a | 181 Kc 948 |
| 904 ## - LOCAL DATA ELEMENT D, LDD (RLIN) | |
| c | Rajani 16.03.2012 (Sandeep Singh 21.03.2012) |
| l | 3011 |
| 949 ## - LOCAL PROCESSING INFORMATION (OCLC) | |
| -- | VIRTUAITEM |
| -- | 10000 |
| -- | 100 |
| 6 | OHI000289543HIN |
| 942 ## - ADDED ENTRY ELEMENTS (KOHA) | |
| Source of classification or shelving scheme | Dewey Decimal Classification |
| Koha item type | Books |
| Withdrawn status | Lost status | Damaged status | Not for loan | Home library | Current library | Date acquired | Total Checkouts | Full call number | Barcode | Date last seen | Price effective from | Koha item type |
|---|---|---|---|---|---|---|---|---|---|---|---|---|
| National Library of India | National Library of India | 181 Kc 948 | OHI000289543HIN | 28/06/2021 | 28/06/2021 | Books |
